[Event "Oldie Clash (2h/40)"]
[Site "Hannover"]
[Date "2016.12.31"]
[Round "15"]
[White "Saitek Turbo King B (EGR)"]
[Black "Fidelity Excellence 3MHz"]
[Result "1-0"]
[WhiteElo "1849"]
[BlackElo "1843"]
[EventDate "2013.06.21"]

1.d4 d5 2.c4 dxc4 3.Nf3 Nf6 4.e3 e6 5.Bxc4 c5 6.O-O a6 7.a4 cxd4 8.exd4 {
Letzter Buchzug Weiss} 8...Nc6 {Letzter Buchzug Schwarz} 9.Bf4 Nd5 10.Bxd5
exd5 11.Re1+ Be7 12.Nc3 Bg4 13.h3 Be6 14.Qb3 Qd7 15.a5 O-O 16.Ne5 Nxe5 17.
Bxe5 Rac8 18.Na4 Rc6 19.Nb6 Qd8 20.Rac1 Bd6 21.Rxc6 bxc6 22.Qc3 Bxe5 23.
Rxe5 Qd6 24.f4 ( {[Komodo 11.01 64-bit ] 26:+1.21} 24.Na4 Bc8 25.Nc5 h6 
26.Re2 Qd8 27.Qb4 h5 28.Re5 h4 29.Nd3 Qf6 30.Qc3 Qd6 31.Re3 f6 32.Qb4 Qxb4
33.Nxb4 Bb7 34.Rb3 Re8 35.Nd3 Bc8 36.Rb6 Bf5 ) 24...f6 25.Re1 Bf5 26.Qe3 
Be4 27.Rc1 Rb8 28.Rc5 f5 29.b3 Re8 30.Qe2 Qf6 31.Kh2 Qxd4 32.Rxc6 Rd8 33.
Rc8 Rxc8 34.Nxc8 Qf6 35.Nb6 Qg6 36.b4 Kh8 37.g3 ( {[Komodo 11.01 64-bit ] 
29:+0.00} 37.Nd7 Qc6 38.Nc5 Qd6 39.g3 d4 40.Nxe4 fxe4 41.b5 Qd5 42.b6 d3 
43.Qb2 d2 44.b7 d1=Q 45.b8=Q+ Qd8 46.Qxd8+ Qxd8 47.Qc3 h6 48.Kg2 Kh7 49.
Kf2 Qd1 50.Ke3 Qh1 51.Kd4 Qxh3 52.Kxe4 Qe6+ 53.Kf3 Qd5+ 54.Kf2 Qd1 55.Qe5 
Qd2+ 56.Kf3 Qd1+ 57.Kf2 ) 37...Qc6 38.g4 Qd6 39.Qd2 fxg4 40.hxg4 d4 41.Kg3
g5 ( {[Komodo 11.01 64-bit ] 25:-1.78} 41...d3 42.Nc4 Qd4 43.Ne3 h6 44.f5 
Kh7 45.Nd1 Bc6 46.Ne3 Qe4 47.Qf2 Qxb4 48.f6 Qd6+ 49.Qf4 Qxf6 50.Qxf6 gxf6 
51.Nf1 Kg6 52.Kf4 Bb5 53.Nd2 Bd7 54.Nc4 Be6 55.Nd2 Bd5 56.Nb1 Bc6 57.Nd2 
Bb5 58.Ne4 ) 42.Nc4 gxf4+ 43.Qxf4 Qxf4+ 44.Kxf4 Bg6 ( {[Komodo 11.01 
64-bit ] 30:+0.22} 44...Bc6 45.Ne5 Bb7 46.Nf7+ Kg8 47.Nd6 Bc6 48.g5 Ba8 
49.Nf5 d3 50.Ke3 Kf7 51.Nh4 Be4 52.Nf3 Bb7 53.Ne5+ Ke6 54.Nxd3 Kf5 55.Nc5 
Bc8 56.Ne4 Ke5 57.Ng3 Bd7 58.Nh5 Bc8 59.Nf6 h6 60.Ne4 hxg5 61.Nxg5 Bb7 62.
Nf7+ Kd5 63.Kd3 ) 45.b5 $1 axb5 46.a6 Bf7 47.Ke4 d3 48.a7 bxc4 49.a8=Q+ 
Kg7 50.Qd8 h6 51.Kf5 Bg6+ 52.Ke5 Bf7 53.Qe7 d2 54.Qf6+ Kg8 55.Qd8+ Kg7 56.
Qxd2 Be8 57.Qf4 Bf7 58.Qf6+ Kf8 59.Kd6 c3 60.Qh8+ Bg8 61.Qxh6+ Kf7 62.g5 
Bh7 63.Qxh7+ Kf8 64.Ke6 c2 65.Qf7# 1-0

[Event "Oldie Clash (2h/40)"]
[Site "Hannover"]
[Date "2016.12.31"]
[Round "15"]
[White "Mephisto B&P"]
[Black "Mephisto Modena"]
[Result "0-1"]
[WhiteElo "1757"]
[BlackElo "1916"]
[EventDate "2013.06.21"]

1.e4 c5 2.Ne2 {Letzter Buchzug Weiss} 2...e5 {Letzter Buchzug Schwarz} 3.
Nbc3 Nf6 4.d3 Be7 5.Nd5 Nxd5 6.exd5 O-O 7.Nc3 b6 8.Be2 Bb7 9.O-O Na6 10.b3
Nc7 11.Bf3 d6 12.a4 Re8 13.Bb2 Bg5 14.Be4 Qd7 15.Qh5 h6 16.Qf3 Bc8 17.Qh5 
g6 18.Qe2 f5 19.Bf3 Ba6 20.Qe1 e4 21.Be2 exd3 22.cxd3 Bb7 23.a5 b5 24.a6 
Bxa6 25.f4 Bf6 26.Nd1 Bxb2 27.Nxb2 Bb7 28.Qf2 a5 29.Bf3 Nxd5 30.Rfe1 Rxe1+
31.Rxe1 Re8 32.Rxe8+ Qxe8 33.Nc4 bxc4 34.dxc4 Qf7 35.cxd5 Bxd5 36.Qg3 Bxb3
37.Bh5 a4 38.Bxg6 Qg7 39.h3 Bc4 40.Kh1 a3 41.Qxa3 Qxg6 42.Qa8+ Kg7 43.Qc6 
Qe6 44.Qc7+ Kh8 45.Qd8+ Kh7 46.Qc7+ Kg6 47.Qd8 Kh5 48.Qh8 Qe4 49.Qg7 Qxf4 
50.Qf8 Bd5 51.Qe8+ Kg5 52.Qd8+ Kg6 53.Qe8+ Kf6 54.Qh8+ Ke7 55.Qg7+ Ke6 56.
Qg8+ Ke5 57.Qe8+ Kd4 58.Qh8+ Kd3 59.Qa1 Kc2 60.Kg1 Qe3+ 61.Kh2 Qe5+ 62.
Qxe5 dxe5 63.g4 e4 64.g5 hxg5 0-1

[Event "Oldie Clash (2h/40)"]
[Site "Hannover"]
[Date "2016.12.31"]
[Round "15"]
[White "Mephisto Monte Carlo I"]
[Black "SciSys Turbostar 432 KSO"]
[Result "0-1"]
[WhiteElo "1888"]
[BlackElo "1825"]
[EventDate "2013.06.21"]

1.Nf3 d5 2.d4 Nf6 3.c4 e6 4.g3 dxc4 5.Bg2 {Letzter Buchzug Weiss} 5...Be7 
6.O-O O-O {Letzter Buchzug Schwarz} 7.Ne5 Nd5 8.Nc3 Nb6 9.Be3 f6 10.Nf3 
Bb4 11.a3 Bxc3 12.bxc3 Nc6 13.Rb1 Qd6 14.Bc1 e5 15.dxe5 fxe5 16.Nh4 Bg4 
17.Qc2 Rad8 18.h3 Be6 19.Bg5 Ra8 20.Be4 Bxh3 21.Rfd1 Qxa3 22.Bxh7+ Kh8 23.
Ng6+ Kxh7 24.Nxf8+ Kg8 25.Qh7+ Kxf8 26.Qxh3 Kf7 27.Bd2 ( {[Komodo 11.01 
64-bit ] 27:+14.36} 27.Qf5+ Kg8 28.Qe6+ Kf8 29.Rxb6 Re8 30.Qf5+ Kg8 31.
Rxb7 Qf8 32.Qd7 Nd8 33.Bxd8 Qf7 34.Bxc7 Qxd7 35.Rxd7 Kh7 36.Rxa7 Kg6 37.
Ra6+ Kh7 38.Kg2 e4 39.Ra7 Re6 40.Bf4 Rg6 41.Be5 Kh6 42.Bxg7+ Kh5 43.Rd5+ 
Rg5 44.Rxg5+ Kxg5 45.Ra5+ Kg6 46.Bd4 Kf7 47.Ra6 Ke7 48.g4 Kf7 49.Ra5 Ke6 )
27...Qe7 28.Bc1 Kg8 29.Be3 e4 30.Qh5 Qe6 31.Bf4 Rc8 32.Ra1 Qf6 33.Ra3 Qe7 
34.Rda1 Rd8 35.Qg5 Qxg5 36.Bxg5 Rd7 37.Kh2 Kf7 38.Kh3 Ke6 39.f3 exf3 40.
exf3 Rd3 41.Re1+ Kf5 42.Kh4 Rxf3 43.g4+ Kg6 44.Re3 Rf2 45.Kg3 Rc2 46.Bh4 
Nd5 47.Rf3 a6 48.Kh3 Ne5 49.Rf5 Nd3 50.Rg5+ Kh7 51.Bg3 c6 52.Rf5 Kg6 53.
Kh4 Nxc3 54.Rh5 Ne4 55.Rf5 Rg2 56.Rf3 Rxg3 57.Rxg3 Nxg3 58.Kxg3 Kg5 59.Ra4
Ne5 60.Ra5 Kf6 61.Kh4 Ke6 62.Kg5 Kd6 63.Kf4 c5 64.Kf5 Kd5 65.Ra1 g6+ 66.
Kf6 Nxg4+ 67.Kxg6 Ne5+ 68.Kf6 Ng4+ 69.Kg6 Nf2 70.Kf5 Nd3 71.Ra3 Kc6 72.Ke6
Kb5 73.Kd6 Kb4 74.Ra2 c3 75.Kd5 Kb3 76.Ra1 c2 77.Ke4 Kc4 78.Ra4+ Nb4 79.
Ra1 Na2 80.Kf5 Kd4 81.Ke6 c1=Q 82.Rxc1 Nxc1 0-1

[Event "Oldie Clash (2h/40)"]
[Site "Hannover"]
[Date "2016.12.31"]
[Round "16"]
[White "Mephisto Rebell 5.0"]
[Black "SciSys Turbostar 432 KSO"]
[Result "0-1"]
[WhiteElo "1893"]
[BlackElo "1825"]
[EventDate "2013.06.21"]

1.e4 c6 2.d4 d5 3.exd5 cxd5 4.c4 Nf6 5.Nc3 Nc6 {Letzter Buchzug Schwarz} 
6.Bg5 {Letzter Buchzug Weiss} 6...dxc4 7.d5 Na5 8.Bxf6 gxf6 9.Bxc4 Nxc4 
10.Qa4+ Bd7 11.Qxc4 Bg7 12.d6 exd6 13.Qe4+ Qe7 14.Qxe7+ Kxe7 15.Nge2 Rac8 
16.Rd1 f5 17.O-O Bxc3 18.Nxc3 Bc6 19.Rfe1+ Kd7 20.Nd5 Bxd5 21.Rxd5 Rc5 22.
Rxc5 dxc5 23.f4 Re8 24.Rxe8 Kxe8 25.a4 Kd7 26.Kf2 Kd6 27.Ke3 Kd5 28.Kd3 
c4+ 29.Kc3 a6 30.a5 Kc5 31.g3 h6 32.h3 h5 33.Kd2 Kb4 34.Kc2 Kxa5 35.Kc3 b5
36.Kd2 Kb4 37.Kc2 a5 38.Kc1 Kb3 39.Kb1 a4 40.Kc1 Ka2 41.Kc2 b4 42.g4 {
-9.99} 0-1

[Event "Oldie Clash (2h/40)"]
[Site "Hannover"]
[Date "2016.12.31"]
[Round "16"]
[White "Mephisto Modena"]
[Black "Mephisto MM IV"]
[Result "0-1"]
[WhiteElo "1916"]
[BlackElo "1967"]
[EventDate "2013.06.21"]

1.Nf3 c5 2.g3 d5 3.Bg2 Nc6 {Letzter Buchzug Schwarz} 4.d4 {Letzter Buchzug
Weiss} 4...cxd4 5.Nxd4 e5 6.Nxc6 bxc6 7.Nd2 Nf6 8.O-O Bf5 9.Nc4 dxc4 10.
Bxc6+ Bd7 {+1.14} 11.Bxa8 {+0.34} 11...Qxa8 12.Re1 Bc5 13.c3 {+0.12} 13...
Qe4 {+1.86} 14.e3 {-1.03} 14...Bc6 15.f3 Qxf3 16.Qxf3 {-1.60} 16...Bxf3 {
+1.78} 17.b3 Bd5 18.b4 Bb6 19.a4 Ne4 20.a5 Bc7 21.Bb2 O-O 22.b5 Ra8 23.
Red1 Nf6 24.Ra4 Rb8 25.b6 axb6 26.a6 b5 27.Raa1 Bb6 28.Re1 Ra8 29.h3 Be6 
30.Kh2 e4 31.Ra2 Nd5 32.Raa1 f5 33.Ra3 Nxe3 34.Re2 Nd5 35.Ba1 Nc7 36.Rea2 
Ra7 37.Rb2 Bc8 38.Rd2 {Weiss gibt auf.} 38...Rxa6 39.Rd8+ Kf7 40.Rxa6 Bxa6
41.Bb2 Ke6 42.Rb8 Bc5 43.Kg2 Ke5 44.Rh8 h6 45.Bc1 Ne6 46.Kf1 Bb7 47.Ke1 
Kd5 48.Bd2 Bc6 49.Ke2 Bd6 50.Kf2 Bf8 51.h4 Be8 52.Kg1 Bc5+ 53.Kf1 Bh5 54.
Rc8 e3 55.Be1 Ke4 56.Kg2 Bf3+ 57.Kh3 Kd3 58.Re8 Bd5 59.h5 Ke2 60.g4 Kxe1 
61.gxf5 Kf2 62.fxe6 e2 63.e7 Be6+ 64.Kh4 e1=Q 65.Rc8 Bxe7# 0-1

[Event "Oldie Clash (2h/40)"]
[Site "Hannover"]
[Date "2016.12.31"]
[Round "16"]
[White "Fidelity Excellence 3MHz"]
[Black "Mephisto B&P"]
[Result "1/2-1/2"]
[WhiteElo "1843"]
[BlackElo "1757"]
[EventDate "2013.06.21"]

1.d4 e6 2.c4 Nf6 3.Nf3 {Letzter Buchzug Weiss} 3...b6 4.Nc3 Bb4 {Letzter 
Buchzug Schwarz} 5.Bd2 Bb7 6.e3 c5 7.Bd3 O-O 8.O-O d5 9.cxd5 exd5 10.Qa4 
Nc6 11.a3 Ba5 12.Ne5 Qc8 13.f4 a6 14.dxc5 Bxc3 15.Bxc3 bxc5 16.Qc2 Ne7 17.
b3 Qe6 18.Rad1 Rfe8 19.f5 Qb6 20.Bb2 Nc8 21.Qc3 c4 22.Bc2 cxb3 23.Qxb3 Rb8
24.Bd4 Qc7 25.Qc3 Qxc3 26.Bxc3 Nd6 27.Ba4 Rec8 28.Bd4 Rc7 29.Rb1 Nfe4 30.
Nc6 Rbc8 31.Na5 Ba8 32.Bb6 Re7 33.Rb4 Nc4 34.Nxc4 dxc4 35.Rd1 Nf6 ( {
[Komodo 11.01 64-bit ] 26:+0.14} 35...h5 36.Rd4 ) 36.Rd4 ( {[Komodo 11.01 
64-bit ] 30:+4.60} 36.Rxc4 Ree8 ( 36...Rxc4 37.Rd8+ Ne8 38.Bxe8 Rc1+ 39.
Kf2 h6 40.Rxa8 ) 37.Bxe8 Rxe8 38.Rd8 Bb7 39.Rxe8+ Nxe8 40.Ba5 h5 41.Bc3 
Kh7 42.Rh4 g6 43.Rb4 Bc8 44.Rb8 Bd7 45.Rb7 Bxf5 46.Rxf7+ Kg8 47.Ra7 Bd3 
48.a4 h4 49.Kf2 Nd6 50.Kf3 Ne4 51.Bd4 Kf8 52.Kg4 Ke8 53.Kxh4 Be2 54.g4 Bc4
55.g5 Be2 ) 36...Nd5 37.Bc5 Re5 38.Bd7 Rd8 39.Ba4 f6 40.e4 Rxe4 41.Rbxc4 
Re1+ 42.Kf2 Re5 43.Bc2 Rde8 44.Be4 Nb6 45.Bxb6 Bxe4 46.g4 Ba8 47.Rd7 Re2+ 
48.Kg3 Rg2+ 49.Kh3 Rb2 50.Bd4 Rb3+ 51.Kh4 Bg2 52.Rc3 ( {[Komodo 11.01 
64-bit ] 27:+0.08} 52.Bc3 Rb7 53.Rcc7 Rxc7 54.Rxc7 Bd5 55.Bb4 h6 56.Rc3 
Re4 57.Rc8+ Kh7 58.Rc7 Kg8 59.Rc5 Rd4 60.Rc8+ Kh7 61.Rc7 Kg8 62.h3 Rd3 63.
Rc8+ Kh7 64.Rc3 Rxc3 65.Bxc3 Bc6 66.Kg3 Kg8 67.Kf4 Kf7 68.Ba5 Bd7 ) 52...
Rxc3 53.Bxc3 Re3 54.Bxf6 gxf6 55.g5 Rh3+ 56.Kg4 fxg5 57.Kxg5 Rxh2 ( {
[Komodo 11.01 64-bit ] 27:-1.94} 57...Bf1 58.Kf6 Rh6+ 59.Ke7 Bh3 60.Rd8+ 
Kg7 61.Rf8 Rc6 62.f6+ Kg6 63.Rg8+ Kf5 64.Rg7 Re6+ 65.Kd8 Rxf6 66.Rxh7 Bf1 
67.Rh8 Be2 68.a4 Bf3 69.a5 Kf4 70.Kc7 Be4 71.Rh4+ Ke3 72.Rh5 Bf3 73.Rh8 
Rc6+ 74.Kb8 Rc5 75.Ka7 Rxa5 76.Re8+ ) 58.Kf6 ( {[Komodo 11.01 64-bit ] 
35:+0.00} 58.Rd8+ Kg7 59.Rd7+ Kf8 60.Rd8+ Ke7 61.Rd2 Ke8 62.Rc2 h5 63.f6 
Kf7 64.Rc7+ Kf8 65.Rc8+ Kf7 66.Rc7+ ) ( {[Komodo 11.01 64-bit ] 37:+0.00} 
58.Rd2 Kf7 59.Rd7+ Ke8 60.Rd2 Ke7 61.Rc2 Kf7 62.Rc7+ Kf8 63.Rc8+ Ke7 64.
Rc2 ) 58...Rh6+ 59.Kg5 Rc6 60.Rd8+ Kg7 61.Rd7+ Kf8 62.Rxh7 Rc3 63.a4 Ra3 
64.Kf6 Ke8 65.Ke6 Re3+ 66.Kd6 Rd3+ 67.Ke6 Bd5+ 68.Ke5 Bb3 69.Rh8+ Kf7 70.
Rh7+ Kg8 71.Ra7 Rd5+ 72.Kf6 Rd6+ 73.Ke7 Rh6 74.Ra8+ Kg7 75.Rd8 Rf6 76.Rd6 
Rxd6 77.Kxd6 Bxa4 78.Ke7 Bb3 79.Kd6 a5 80.Kc5 Kf6 81.Kd4 a4 82.Kc3 Kxf5 
83.Kb4 Ke4 84.Kc3 Ke3 85.Kb2 Kd2 86.Kb1 a3 87.Ka1 Kc3 88.Kb1 Bc4 89.Ka1 
Bd5 90.Kb1 Bb3 91.Ka1 Bc4 92.Kb1 Bd5 93.Ka1 Be6 94.Kb1 Bf7 95.Ka1 Bg8 96.
Kb1 Be6 97.Ka1 Bf7 98.Kb1 Bg8 99.Ka1 Kb3 100.Kb1 Bf7 1/2-1/2

[Event "Oldie Clash (2h/40)"]
[Site "Hannover"]
[Date "2016.12.31"]
[Round "16"]
[White "Fidelity Elite A/S Budapest"]
[Black "Saitek Turbo King B (EGR)"]
[Result "0-1"]
[WhiteElo "1706"]
[BlackElo "1849"]
[EventDate "2013.06.21"]

1.d4 Nf6 2.c4 c5 3.d5 b5 4.cxb5 a6 5.bxa6 {Letzter Buchzug Weiss} 5...g6 
6.Nc3 Bxa6 7.Nf3 d6 8.e4 Bxf1 9.Kxf1 Bg7 {Letzter Buchzug Schwarz} 10.Kg1 
O-O 11.a3 Nbd7 12.Qb3 Rb8 13.Qa2 Qb6 14.h3 Qa6 15.Ng5 Ne5 16.Be3 h6 17.Nf3
Nxe4 $1 18.Nxe5 Bxe5 19.Bxh6 Qd3 $1 20.Nd1 Qe2 21.f4 Rxb2 22.Qxb2 Bxb2 23.
Nxb2 Qxb2 24.Kh2 Ra8 25.Rhe1 Nd2 26.Kg3 Qc3+ 27.Kh2 Qh8 28.Bg5 f6 29.Ra2 
Nc4 30.Re4 Nb6 31.Re6 Nxd5 32.Rd2 Kf7 33.f5 gxf5 34.Re1 e6 35.Be3 Rxa3 36.
Bf2 Qa8 37.Rc1 Ra2 38.Rcc2 Rxc2 39.Rxc2 Kg6 40.Rc1 Nf4 41.Rg1 Qa2 42.Bg3 
Ne2 43.Rf1 Nxg3 44.Kxg3 Qe2 45.Rf3 c4 46.Rf2 Qe1 47.Kf3 c3 48.h4 Kh5 49.
Ra2 Kxh4 50.Ra4+ Kg5 51.Ra7 Qe4+ 52.Kf2 Qd4+ 53.Ke2 Qxa7 54.Kd3 Qa3 55.g3 
Qb2 56.g4 c2 57.gxf5 c1=N+ 58.Ke3 Qe2+ 59.Kd4 Qd3# 0-1

[Event "Oldie Clash (2h/40)"]
[Site "Hannover"]
[Date "2016.12.31"]
[Round "16"]
[White "Mephisto Monte Carlo IV"]
[Black "Mephisto Mega IV"]
[Result "1/2-1/2"]
[WhiteElo "1921"]
[BlackElo "1907"]
[EventDate "2013.06.21"]

1.e4 e5 2.Nf3 Nc6 3.Nc3 Nf6 4.d4 exd4 5.Nxd4 Bb4 6.Nxc6 bxc6 7.Bd3 d5 8.
exd5 {Letzter Buchzug Weiss} 8...cxd5 {Letzter Buchzug Schwarz} 9.Qe2+ Be6
10.Bb5+ Nd7 11.Bc6 Bxc3+ 12.bxc3 Qf6 13.Bd2 Rb8 14.Bxd5 O-O 15.Bxe6 Qxe6 
16.Qxe6 fxe6 17.Be3 Rb2 18.Kd2 Nb6 19.Rhb1 Rd8+ 20.Kc1 Rxb1+ 21.Rxb1 Kf7 
22.Bf4 Rd7 23.Be5 g5 24.Rb4 Kg6 25.Rd4 Rf7 26.Bg3 h5 27.h4 Nd5 28.Re4 gxh4
29.Rxe6+ Kf5 30.Re5+ Kf6 31.Rxd5 hxg3 32.fxg3 Kg6 33.Rc5 Rd7 34.Kb2 Rf7 
35.Kb3 Rd7 36.Kc4 Re7 37.Ra5 Re2 38.Rxa7 Rxc2 39.a4 Rxg2 40.a5 Rxg3 41.
Rxc7 h4 42.Rd7 h3 43.Rd1 Rg5 44.Kb4 Rh5 45.Rh1 Kf5 46.c4 Kg4 47.a6 Rh7 48.
Kb5 Kg3 49.Kb6 ( {[Komodo 11.01 64-bit ] 29:+5.36} 49.c5 Kg2 50.Rc1 h2 51.
c6 Kg3 52.Rh1 Kg2 53.Rxh2+ Kxh2 54.Kb6 Rh3 55.c7 Rb3+ 56.Kc6 Rc3+ 57.Kd7 
Rd3+ 58.Ke6 Re3+ 59.Kd5 Rd3+ 60.Ke4 Rc3 61.a7 Rxc7 62.a8=Q Re7+ 63.Kd4 
Rd7+ 64.Kc3 Rc7+ 65.Kd3 Rd7+ 66.Kc4 Rc7+ 67.Kd5 Rd7+ 68.Kc5 Rd3 69.Qb7 Kg3
70.Qg7+ Kf3 71.Qb2 Re3 ) 49...Rh6+ 50.Kb7 Rh7+ 51.Kb6 Rh6+ 52.Kb7 Rh7+ 53.
Kb6 1/2-1/2

[Event "Oldie Clash (2h/40)"]
[Site "Hannover"]
[Date "2016.12.31"]
[Round "16"]
[White "Krypton Regency"]
[Black "Fidelity Par Excellence"]
[Result "1-0"]
[WhiteElo "1817"]
[BlackElo "1911"]
[EventDate "2013.06.21"]

1.e4 e5 2.Nf3 Nc6 3.Bb5 Bc5 4.c3 f5 5.d4 fxe4 6.Nxe5 Nxe5 7.Qh5+ Nf7 8.Bc4
{Letzter Buchzug Weiss} 8...Qe7 9.dxc5 Nf6 10.Bxf7+ Kf8 {Letzter Buchzug 
Schwarz} 11.Qd1 Kxf7 12.Be3 b6 13.cxb6 axb6 14.O-O Ba6 15.Re1 d5 16.Nd2 
Kg8 17.Bd4 Nd7 18.Qh5 Bb7 19.Be3 Ne5 20.Reb1 Rf8 21.a3 Qd6 22.Bd4 Nd3 23.
Qg4 Rf7 24.Be3 c5 25.Nb3 Nf4 26.Re1 Ba6 27.Bxf4 Rxf4 28.Qg3 Qh6 29.Red1 
Bc4 30.Nd2 Be2 31.Re1 Bb5 32.c4 Rf7 33.Nxe4 dxe4 34.cxb5 Qf6 35.b4 Qe6 36.
bxc5 bxc5 37.Rac1 Qb6 38.a4 h6 39.Qe3 Qa5 40.Qxe4 Rc7 41.Qe6+ Rf7 42.Rxc5 
Kh7 43.Qe4+ g6 44.Rc6 Rg8 45.Rd1 Rgg7 46.Ra6 Qc7 47.b6 Qb7 48.Qxb7 Rxb7 
49.Kf1 Rge7 50.Re1 Red7 51.Rc1 Kg8 52.Ra8+ Kf7 53.a5 h5 54.Rac8 Ke7 55.
R8c6 Rd6 56.Rc7+ Rd7 57.Rxb7 Rxb7 58.Rc6 Rd7 59.Rxg6 Rd1+ 60.Ke2 Rb1 61.g4
Rb2+ 62.Kf3 hxg4+ 63.Rxg4 Kd6 64.h4 Kc6 65.Ra4 Rb3+ 66.Kg4 Kb7 67.h5 Ka6 
68.h6 Rb1 69.f4 Rg1+ 70.Kh5 Rh1+ 71.Kg6 Rg1+ 72.Kf7 Rh1 73.Kg7 Rg1+ 74.Kh8
Rg6 75.h7 Re6 76.f5 Re3 77.f6 Rf3 78.Rg4 Rxf6 79.Kg7 Rd6 80.h8=Q Rd7+ 81.
Kf6 Rd6+ 82.Ke7 Rd2 83.Qc8+ Kb5 84.Qc4+ Kxa5 85.Qc5+ Ka6 86.Ra4+ Kb7 87.
Qc7# 1-0

[Event "Oldie Clash (2h/40)"]
[Site "Hannover"]
[Date "2016.12.31"]
[Round "16"]
[White "Mephisto MM II"]
[Black "Novag Super Forte A"]
[Result "1/2-1/2"]
[WhiteElo "1840"]
[BlackElo "1963"]
[EventDate "2013.06.21"]

1.e4 e5 2.Nf3 Nc6 3.d4 exd4 4.Nxd4 Bc5 5.Nb3 Bb6 6.a4 a6 7.Nc3 {Letzter 
Buchzug Weiss} 7...Nf6 {Letzter Buchzug Schwarz} 8.Be2 O-O 9.O-O d6 10.Bg5
h6 11.Bh4 Re8 12.a5 Ba7 13.Bxf6 Qxf6 14.Nd5 Qd8 15.Ra4 Be6 16.Bg4 Bd7 17.
Bxd7 Qxd7 18.Rc4 Kh8 19.c3 Rad8 20.Ra4 Ne7 21.Nd2 Nxd5 22.exd5 c6 23.dxc6 
bxc6 24.Re4 Rxe4 25.Nxe4 d5 26.Ng3 Rb8 27.Qe2 Rb5 28.b4 c5 29.Re1 cxb4 30.
cxb4 Rxb4 31.Qxa6 Rb2 32.Re2 Rb1+ 33.Nf1 d4 34.Rc2 d3 35.Qc8+ Qxc8 36.
Rxc8+ Kh7 37.Rd8 Rb2 38.Ne3 Rb1+ 39.Nf1 Rb2 40.Ne3 Rb1+ 41.Nf1 1/2-1/2

[Event "Oldie Clash (2h/40)"]
[Site "Hannover"]
[Date "2016.12.31"]
[Round "17"]
[White "Novag Super Forte A"]
[Black "Mephisto Rebell 5.0"]
[Result "1/2-1/2"]
[WhiteElo "1963"]
[BlackElo "1893"]
[EventDate "2013.06.21"]

1.e4 e5 2.Nf3 Nc6 3.Bb5 a6 4.Ba4 Nf6 5.O-O Be7 6.Re1 b5 7.Bb3 d6 8.c3 O-O 
9.h3 Na5 10.Bc2 c5 11.d4 Qc7 12.Nbd2 cxd4 13.cxd4 Bb7 14.Nf1 Rac8 {Letzter
Buchzug Schwarz} 15.Re2 {Letzter Buchzug Weiss} 15...exd4 16.Bf4 Nh5 17.
Bh2 Nc4 18.b3 Na3 19.Nxd4 Bg5 20.Qd3 Qd7 21.Nf5 Nxc2 22.Rxc2 Nf4 23.Bxf4 
Bxf4 24.Rxc8 Rxc8 25.Rd1 Be5 26.N1e3 Rc3 27.Qb1 Qc7 28.a4 bxa4 29.bxa4 Bc6
30.Rf1 g6 31.Nh6+ Kg7 32.Nhg4 Qb7 33.Qxb7 Bxb7 34.Nxe5 dxe5 35.Ng4 Rc5 36.
f4 exf4 37.Rxf4 Bc6 38.Kf2 Bxa4 39.Ke3 Bb5 40.Kd4 Rc4+ 41.Ke5 a5 42.Nf6 
Rc2 43.Rh4 h6 44.g3 a4 45.Rf4 Rc3 46.Kd4 Rxg3 47.Kc5 Rb3 48.e5 a3 49.Rf2 
Rb2 50.Rf3 a2 51.Ra3 Bf1 ( {[Komodo 11.01 64-bit ] 29:-6.37} 51...g5 52.
Nd5 Bd7 53.Nb4 Be6 54.Ra4 Rd2 55.Ra6 Kg6 56.Ra4 Rb2 57.Ra6 Rh2 58.Kb6 Kh7 
59.Kc5 Rb2 60.Ra4 Kg7 61.Ra3 Rb1 62.Nxa2 Ra1 63.Rg3 Rxa2 64.h4 g4 65.Re3 
Kg6 66.Kd4 ) 52.Ra8 h5 53.h4 Rb5+ 54.Kd6 Rb6+ 55.Kc5 Rb8 56.Rxb8 a1=Q 57.
Rg8+ Kh6 58.Rh8+ Kg7 59.Rg8+ Kh6 60.Rh8+ Kg7 61.Rh7+ Kf8 62.Rh8+ Kg7 
1/2-1/2

[Event "Oldie Clash (2h/40)"]
[Site "Hannover"]
[Date "2016.12.31"]
[Round "17"]
[White "Fidelity Par Excellence"]
[Black "Mephisto MM II"]
[Result "1-0"]
[WhiteElo "1911"]
[BlackElo "1840"]
[EventDate "2013.06.21"]

1.d4 d5 2.Nf3 Nf6 3.Bg5 e6 {Letzter Buchzug Schwarz} 4.e3 {Letzter Buchzug
Weiss} 4...Nbd7 5.Nc3 Bb4 6.Bd3 Bxc3+ 7.bxc3 c5 8.c4 cxd4 9.exd4 dxc4 10.
Bxc4 O-O 11.O-O Nb6 12.Bd3 Na4 13.Qd2 Nb6 14.Ne5 Nbd7 15.Rab1 Qc7 16.Nf3 
Nh5 17.Qe3 Qc6 18.Be4 Qc7 19.Be7 Re8 20.Qa3 Nb6 21.Bd6 Qd7 22.Ne5 Qd8 23.
Bc5 Nd5 24.Bf3 Qg5 25.Bxa7 Ndf4 26.Ng4 Qe7 27.Qxe7 Rxe7 28.Bc5 Re8 29.a3 
Rd8 30.Ne5 g6 31.Bxb7 Ne2+ 32.Kh1 Bxb7 33.Rxb7 Nxd4 34.Nxf7 Rd5 35.Bxd4 
Rxd4 36.c3 Rda4 37.Nh6+ Kh8 38.Rfb1 Rxa3 39.c4 Ra2 40.Nf7+ Kg8 41.Kg1 Nf4 
42.Nd6 Rc2 43.Rb8+ Rxb8 44.Rxb8+ Kg7 45.Rb1 Nd3 46.f3 Kf6 47.Ne4+ Ke5 48.
Ng5 h6 49.Nf7+ Kd4 50.Nxh6 Kxc4 51.Ng4 Kc3 52.h4 Nf4 53.Nf2 Kd2 54.Ra1 Ke2
55.Ra4 Rc1+ 56.Kh2 Kxf2 57.Rxf4 Rc7 58.Rg4 Rh7 59.Kh3 Rg7 60.Rg5 Rg8 61.f4
Rg7 62.g4 Rd7 63.Rxg6 Kf3 64.h5 Rd1 65.Kh4 Kxf4 66.Rf6+ Ke5 67.Kg5 Rh1 68.
Kg6 Kd5 69.Rf8 Kd6 70.h6 Ke7 71.Rg8 e5 72.h7 Rxh7 73.Kxh7 e4 74.g5 e3 75.
Rc8 e2 76.Rc1 1-0

[Event "Oldie Clash (2h/40)"]
[Site "Hannover"]
[Date "2016.12.31"]
[Round "17"]
[White "Saitek Simultano C"]
[Black "Krypton Regency"]
[Result "1-0"]
[WhiteElo "1849"]
[BlackElo "1817"]
[EventDate "2013.06.21"]

1.c4 c6 2.d4 Nf6 3.Nc3 d5 4.e3 e6 5.Nf3 Bd6 6.Bd3 Nbd7 7.e4 dxe4 8.Nxe4 
Nxe4 9.Bxe4 O-O 10.O-O h6 {Letzter Buchzug Schwarz} 11.Bc2 {Letzter 
Buchzug Weiss} 11...c5 12.Qd3 Nf6 13.Be3 Qc7 14.dxc5 Bxc5 15.Bxc5 Qxc5 16.
Rad1 Bd7 17.Rfe1 Rad8 18.Ne5 Rfe8 19.Qf3 Bc6 20.Nxc6 bxc6 21.b3 a6 22.Kh1 
a5 23.Bd3 Rd7 24.Bc2 Rdd8 25.h3 a4 26.Kg1 Ra8 27.bxa4 Qxc4 28.Bb3 Qa6 29.
Rd6 Qa5 30.Rc1 c5 31.a3 Red8 32.Rxd8+ Rxd8 33.Qb7 Qd2 ( {[Komodo 12.1.1 
64-bit ] 29:+0.00} 33...c4 34.Bxc4 Qxa4 35.Qb2 Ne4 36.Be2 Qa7 37.Bf3 Nd6 
38.Rd1 Rb8 39.Qd4 Qxd4 40.Rxd4 Nf5 41.Rd1 Rb2 42.Be4 Kf8 43.a4 Ra2 44.Bc6 
Ke7 45.g3 Rc2 46.Be4 Ra2 47.Bc6 ) 34.Rd1 Qa5 35.Rxd8+ Qxd8 36.Bc2 ( {
[Komodo 12.1.1 64-bit ] 25:+1.08} 36.Qb5 Qd4 37.Qb8+ Kh7 38.a5 Nd7 39.Qb5 
g6 40.Qe2 Qc3 41.Qf3 Qe1+ 42.Kh2 Ne5 43.Qe3 Qxe3 44.fxe3 Nc6 45.a6 Kg7 46.
Kg3 Kf6 47.Ba4 Na7 48.Kf4 Ke7 49.Ke4 g5 50.Kd3 Kd6 51.Kc4 Nc8 52.Be8 f5 
53.Bf7 f4 54.exf4 gxf4 ) 36...g6 37.Kf1 c4 38.Qb4 Qd4 39.a5 Qa1+ 40.Ke2 
Qa2 41.Kd1 ( {[Komodo 12.1.1 64-bit ] 33:+0.00} 41.Qb1 Qxa3 42.Qb8+ Kg7 
43.Qe5 g5 44.g3 Qa2 45.Kd1 Qa3 46.Ke2 ) 41...Nd5 42.Qb8+ Kg7 43.Qe5+ Kh7 
44.a4 Nb4 45.Qe4 Qa1+ 46.Kd2 Nxc2 ( {[Komodo 12.1.1 64-bit ] 23:-3.24} 
46...c3+ 47.Ke2 Qc1 48.Bb1 c2 49.Bxc2 Nxc2 50.Qc4 Qb2 51.Qc7 Nb4+ 52.Kf3 
Qb3+ 53.Kg4 e5 54.a6 Qd5 55.Kg3 Nxa6 56.Qb6 Nc5 57.a5 e4 58.Kh2 Qd4 59.Kg1
h5 60.Qa7 Kg7 61.Qb8 Nd3 62.Qb6 Qa1+ 63.Kh2 ) 47.Qxc2 Qf1 ( {[Komodo 
12.1.1 64-bit ] 28:-0.68} 47...Qd4+ 48.Ke2 Qe5+ 49.Kf3 c3 50.a6 Qa5 51.Ke3
Qxa6 52.Kd4 Qb7 53.Kxc3 Qxg2 54.Kb4 Qb7+ 55.Ka5 e5 56.Qc3 e4 57.Qd4 Kg8 
58.Qe5 h5 59.h4 Qb1 60.Qf6 Qb3 61.Qd8+ Kh7 62.Qd4 Qe6 63.Kb5 Qe8+ 64.Kc5 
Qe7+ 65.Kb6 ) 48.Ke3 Qxg2 49.Qxc4 Qxh3+ 50.f3 Qf5 51.Qc7 Qg5+ 52.Ke2 Qf6 
53.a6 Qb2+ 54.Kd3 Qa3+ 55.Ke2 Qa2+ 56.Ke3 Qb3+ 57.Ke2 Kg7 58.Qe5+ Kg8 ( {
[Komodo 12.1.1 64-bit ] 31:+0.00} 58...Kh7 59.a7 Qc2+ 60.Ke3 Qc1+ 61.Kf2 
Qc2+ 62.Kg3 Qd1 63.Kg2 Qc2+ 64.Kh3 Qd3 65.Kg3 Qd1 ) 59.a7 Qc2+ 60.Kf1 Qxa4
61.Qb8+ Kg7 62.a8=Q ( {[Komodo 12.1.1 64-bit ] 24:+4.14} 62.Ke1 Qa1+ 63.
Kd2 Qd4+ 64.Kc2 Qf2+ 65.Kb1 Qf1+ 66.Ka2 Qc4+ 67.Ka3 Qc3+ 68.Ka4 Qc4+ 69.
Ka5 Qc5+ 70.Ka6 Qc6+ 71.Qb6 Qxf3 72.Qb7 Qa3+ 73.Kb5 Qb3+ 74.Kc6 Qf3+ 75.
Kb6 Qe3+ 76.Kc7 Qf4+ 77.Kd8 Qh4+ 78.Ke8 Qa4+ 79.Ke7 Qa3+ 80.Kd8 Qa5+ 81.
Kc8 Qc3+ 82.Kd7 Qd4+ 83.Ke7 Qh4+ 84.Kd6 Qd8+ 85.Kc6 Qd5+ 86.Kb6 Qd4+ 87.
Kb5 g5 88.a8=Q Qf4 89.Qbb8 Kg6 90.Qg8+ Kh5 91.Qh1+ Kg4 92.Qg2+ Kh4 ) 62...
Qd1+ 63.Kf2 Qd2+ 64.Kg1 Qg5+ ( {[Komodo 12.1.1 64-bit ] 40:+0.00} 64...
Qe1+ 65.Kg2 Qe2+ 66.Kh3 Qf1+ 67.Kh4 g5+ 68.Kg3 Qe1+ 69.Kg2 Qe2+ 70.Kh3 
Qf1+ 71.Kg3 ) 65.Kh2 Qh4+ 66.Kg2 Qg5+ 67.Qg3 Qd2+ 68.Kh3 Qb2 69.Qgb8 Qxb8 
70.Qxb8 h5 71.f4 f5 72.Kh4 Kf7 73.Qd6 Kg7 74.Qxe6 Kf8 75.Qxg6 Ke7 76.Qxf5 
1-0